000 00521nam a22001697a 4500
008 160718b xxu||||| |||| 00| 0 eng d
020 _a978-971-9905-20-2
082 _22011
_aDFil 910.202
_bL62
100 _911666
_aLim, Romeo D.
245 _aUnderstanding travel & tours essentials/
_cRomeo D. Lim.
260 _aManila:
_bMindshapers Co., Inc.,
_cc2011.
300 _aix, 277 pages;
_c25 cm.
500 _aIncludes glossary and index.
650 0 _911667
_aTravel
_xGuides
365 _b832.50
_cPhp
942 _2ddc
_cDFIL
999 _c3498
_d3498